Country Quiz: Uzbekistan 🇺🇿 - Statistics

General Stats
  • This quiz has been taken 15 times
  • The average score is 14 of 27
Answer Stats
Hint Answer % Correct
Time zones 1 (UTC+5)
100%
Language Uzbek
100%
Independence 1991
89%
In 1966, this natural disaster devastated much of the capital city Earthquake
89%
Main Religion Islam
89%
Capital Tashkent
89%
Bordering Seas Caspian sea
78%
Between 1924-1990s, Uzbekistan was part of this union Soviet Union
78%
Bordering Countries Afghanistan
67%
Kazakhstan
67%
Kyrgyzstan
67%
Tajikistan
67%
Turkmenistan
67%
1/44 Countries to lack access to any ocean, otherwise known as... Landlocked
44%
State-Condition Republic
44%
Currency Som
44%
Nationality Uzbekistani
44%
During the 4th century, the second-biggest city of present-day Uzbekistan was conquered by this historical leader Alexander the Great
33%
Democratic Status Authoritarian
33%
Founding Father and Most Famous Leader (1991-2016) Islam Karimov
22%
Main Economic Sector Tertiary / Service
22%
Main export (goods) Gold
11%
Between 13-14th century, Uzbekistan was conquered and ruled by this historical empire Mongol empire
11%
Second-Largest City (and also an UNESCO heritage sites) Samarqand
11%
Leader (2016-) Shavkat Mirziyoyev
11%
Main Lake Asal sea
0%
Main River Syr Darya
0%
No matching quizzes found
Score Distribution
Percent of People with Each Score
Percentile by Number Answered
Your Score History
You have not taken this quiz